000 00583nam a2200217Ia 4500
008 101110s9999 xx 000 0 und d
041 _aENGLISH
082 _bSR25642
100 _aMisraa S.K., Puri V.K.
245 _aMicro economics theory and application - II
260 _c2001
_bHimalaya publication
300 _a440
365 _b130
520 _aEconomics
546 _aENGLISH
630 _aMicro economics theory and application - II
650 _aEconomics
655 _aEconomics
730 _aMicro economics theory and application - II
942 _cBOOK
999 _c818252
_d818249